Basic Electrical Engineering (Record no. 2383)
[ view plain ]
| 000 -LEADER | |
|---|---|
| Fixed length control field | 00497nam a2200181 4500 |
| 003 - CONTROL NUMBER IDENTIFIER | |
| Control field | SEACOMEC |
| 005 - DATE AND TIME OF LATEST TRANSACTION | |
| Control field | 20250808161604.0 |
| 008 - FIXED-LENGTH DATA ELEMENTS--GENERAL INFORMATION | |
| Fixed length control field | 250808b |||||||| |||| 00| 0 eng d |
| 020 ## - INTERNATIONAL STANDARD BOOK NUMBER / ISBN | |
| International Standard Book Number | 8177229990 |
| Price | 349 |
| 040 ## - CATALOGING SOURCE | |
| Original cataloging agency | SEACOMEC |
| 082 ## - DEWEY DECIMAL CLASSIFICATION NUMBER | |
| Classification number | 621.3 |
| Book Number | G137B |
| 100 ## - MAIN ENTRY--PERSONAL NAME | |
| Personal name | Gaikwad Sunil T. |
| 245 ## - TITLE STATEMENT | |
| Title | Basic Electrical Engineering |
| Statement of responsibility | Sunil T. Gaikwad |
| 260 ## - IMPRINT | |
| Place of publication | New Delhi |
| Name of publisher | dreamtech |
| Date of publication | 2009 |
| 650 ## - SUBJECT ADDED ENTRY--TOPICAL TERM | |
| Topical term | Electrical & Electronic Engineering |
| 650 ## - SUBJECT ADDED ENTRY--TOPICAL TERM | |
| Topical term | Engineering & Technology |
| 942 ## - ADDED ENTRY ELEMENTS (KOHA) | |
| Koha item type | Books |
| Withdrawn status | Lost status | Source of classification | Damaged status | Not for loan | Home library | Current library | Date acquired | Total Checkouts | Call number | Accession number | Date last seen | Price effective from | Koha item type | Copy number |
|---|---|---|---|---|---|---|---|---|---|---|---|---|---|---|
| Dewey Decimal Classification | SEACOM ENGINEERING COLLEGE | SEACOM ENGINEERING COLLEGE | 20/09/2011 | 621.3 G137B | 19024 | 08/08/2025 | 08/08/2025 | Books | ||||||
| Dewey Decimal Classification | SEACOM ENGINEERING COLLEGE | SEACOM ENGINEERING COLLEGE | 20/09/2011 | 621.3 G137B | 19025 | 08/08/2025 | 08/08/2025 | Books | 1 | |||||
| Dewey Decimal Classification | SEACOM ENGINEERING COLLEGE | SEACOM ENGINEERING COLLEGE | 20/09/2011 | 621.3 G137B | 19026 | 08/08/2025 | 08/08/2025 | Books | 2 | |||||
| Dewey Decimal Classification | SEACOM ENGINEERING COLLEGE | SEACOM ENGINEERING COLLEGE | 20/09/2011 | 621.3 G137B | 19027 | 08/08/2025 | 08/08/2025 | Books | 3 | |||||
| Dewey Decimal Classification | SEACOM ENGINEERING COLLEGE | SEACOM ENGINEERING COLLEGE | 20/09/2011 | 621.3 G137B | 19028 | 08/08/2025 | 08/08/2025 | Books | 4 | |||||
| Dewey Decimal Classification | SEACOM ENGINEERING COLLEGE | SEACOM ENGINEERING COLLEGE | 20/09/2011 | 621.3 G137B | 19029 | 08/08/2025 | 08/08/2025 | Books | 5 | |||||
| Dewey Decimal Classification | SEACOM ENGINEERING COLLEGE | SEACOM ENGINEERING COLLEGE | 20/09/2011 | 621.3 G137B | 19030 | 08/08/2025 | 08/08/2025 | Books | 6 | |||||
| Dewey Decimal Classification | SEACOM ENGINEERING COLLEGE | SEACOM ENGINEERING COLLEGE | 20/09/2011 | 621.3 G137B | 19031 | 08/08/2025 | 08/08/2025 | Books | 7 |
